00539nam a2200145Ia 4500008004100000020002200041041000800063082002100071100002100092245003300113260005100146300000900197999001900206952016800225230411s9999 xx 000 0 und d a978-93-85915-46-9 aeng aA/611/GAR/B08658 aGarg Krishna Ed. aB D Chaurasias Human Anatomy bCBS Publishers & DistributorsaNew Delhic2016 a328p c158251d158251 001040708AaBTINbBTINd2018-01-16eSamutkarshg520.00i1537l1oA 611 GAR B08658pBTIN-BK-8658r2025-01-15 00:00:00s2025-01-13v384.80w2018-01-08yBKzB08658